<The> Importance of control in managerial work

Kontrola ako významná súčasť manažérskej práce. Pojmy kontrola a kontroling. Výsledky prieskumu medzi slovenskými manažérmi o význame vnútornej kontroly v podniku, a to v prípade, keď kontrolujú, aj keď sú kontrolovaní.

Salvato in:
Dettagli Bibliografici
Autore principale: Čambalíková, Andrea, 1990-
Altri autori: Mišún, Juraj, 1978-
Natura: Capitolo di libro
Lingua:inglese
Soggetti:
Tags: Aggiungi Tag
Nessun Tag, puoi essere il primo ad aggiungerne!!

MARC

LEADER 00000nla a2200000 4500
001 0238485
005 20260206112111.1
041 0 |a eng 
044 |a AL 
245 1 0 |a <The> Importance of control in managerial work  |c Andrea Cambalikova, Juraj Mišún 
520 |a Kontrola ako významná súčasť manažérskej práce. Pojmy kontrola a kontroling. Výsledky prieskumu medzi slovenskými manažérmi o význame vnútornej kontroly v podniku, a to v prípade, keď kontrolujú, aj keď sú kontrolovaní. 
610 2 0 |a kontroling 
610 2 0 |a kontroling vnútropodnikový 
610 2 0 |a kontroling podnikový 
610 2 0 |a funkcie riadenia 
610 2 0 |a kontrola 
610 2 0 |a manažéri 
610 2 0 |a manažment 
610 2 0 |a podnik 
610 2 0 |a pojmy 
610 2 0 |a riadenie 
610 2 0 |a Slovensko 
610 2 0 |a práca riadiaca 
610 2 0 |a práca 
100 1 |a Čambalíková, Andrea, 1990- 
700 1 |a Mišún, Juraj, 1978-